Schweiz : Schweizer Wassermarken - Quiz SuisseLn - Statistiken

Allgemein
  • Dieses Quiz wurde 35 mal gespielt
  • Das Durchschnittsergebnis liegt bei 4 aus 17
Antwortstatistiken
Der Kanton, in dem sich die von der Schweizer Wassermarke genutzte Wasserquelle befindet Schweizer Wassermarke % Korrekt
Wallis Valser
75%
Glarus Elmer
53%
Waadt Henniez
53%
Graubünden Rhäzünser
50%
Basel-Landschaft Eptinger
47%
Wallis Aproz
41%
Wallis Valais
28%
Luzern Knutwiler
25%
Appenzell Innerrhoden Appenzell Minéral
22%
Graubünden Passuger
16%
Bern Adelboner
3%
Bern Adello
3%
Graubünden Arkina
3%
Solothurn Cristallo
3%
Wallis Swiss Alpina
3%
Graubünden Allegra
0%
Wallis Aquina
0%
Keine übereinstimmenden Quizze gefunden
Verteilung der Resultate
Anzahl Personen mit jedem Resultat
Perzentil nach korrekt beantworteten Fragen
Ihre Resultats-Entwicklung
Sie haben dieses Quiz noch nicht gespielt